header

Emerging standards for enhanced publications and repository technology (Record no. 99551)

MARC details
000 -LEADER
fixed length control field 01803nam a2200421Ia 4500
100 1# - MAIN ENTRY--AUTHOR NAME
Personal name Godtsenhoven, Karen van.
245 10 - TITLE STATEMENT
Title Emerging standards for enhanced publications and repository technology
260 ## - PUBLICATION, DISTRIBUTION, ETC. (IMPRINT)
Place of publication Amsterdam :
Name of publisher Amsterdam University Press,
Year of publication 2009.
300 ## - PHYSICAL DESCRIPTION
Number of Pages 208 p. :
Other physical details ill.
490 0# - SERIES STATEMENT
Series statement Trends in research information management
500 ## - GENERAL NOTE
General note "SURF Foundation".
General note "This work contains descriptions of the DRIVER II project findings ... produced with the assistance of the European Union" - t.p. verso.
650 #0 - SUBJECT ADDED ENTRY--TOPICAL TERM
Topical Term Digital libraries.
Topical Term Information retrieval
Topical Term Electronic publishing
Topical Term Electronic publications.
Topical Term Interactive multimedia.
Topical Term Library surveys.
700 1# - ADDED ENTRY--PERSONAL NAME
Personal name Vernooy-Gerritsen, Marjan,
856 40 - ELECTRONIC LOCATION AND ACCESS
Uniform Resource Identifier http://site.ebrary.com/lib/rucke/Doc?id=10373177

No items available.

© 2026 Rongo University
Contact us: librarian | system librarian | Rongo university